000 02674cam a2200385 i 4500
001 768714001
003 CO-MdFUSB
005 20210205152133.0
007 ta
008 110630t20112011miu b 001 0 eng
010 _a2011027289
020 _a9780801039348 (pbk.)
020 _a0801039347 (pbk.)
040 _aDLC
_cCO-MdFUSB
_dYDX
_dCO-MdFUSB
_dBTCTA
_dYDXCP
_dDTM
_dBWX
_dUtOrBLW
_dSKYRV
_dUtOrBLW
_bspa
_erda
041 _aeng
082 _223
_a230.42
_bB598
100 1 _aBillings, J. Todd.
_eautor
245 1 0 _aUnion with Christ :
_breframing theology and ministry for the church
_c/ J. Todd Billings.
264 1 _aGrand Rapids, Mich. :
_bBaker Academic,
_c[2011]
264 4 _c© 2011
300 _a180 páginas ;
_c22 cm.
336 _atexto
_btxt
_2rdacontent.
337 _asin mediación
_bn
_2rdamedia.
338 _avolumen
_bnc
_2rdacarrier.
504 _aIncluye referencias bibliográficas e indice.
505 0 _aLa salvación como adopción en Cristo: un antídoto para la deidad distante pero conveniente de hoy - Depravación total en el pecado, comunión total en Cristo: cómo la esclavitud de la voluntad refleja una teología de la salvación como comunión - Encontrando un misterio en unión con Cristo: en Comunión con el Dios incomprensible - El Evangelio y la justicia: unión con Cristo, la ley del amor y la Cena del Señor - Ministerio en unión con Cristo: una crítica constructiva del ministerio encarnacional.
520 _aEl consumado teólogo J. Todd Billings recupera el tema bíblico de la unión con Cristo para la iglesia de hoy, haciendo una nueva contribución a la discusión teológica con importantes aplicaciones para la teología y el ministerio. Basándose en las Escrituras y en el pensamiento de figuras como Agustín, Calvino, Bavinck y Barth, Billings muestra cómo una teología de la unión con Cristo puede cambiar la forma en que los creyentes abordan la adoración, la justicia, la misión y la vida cristiana. Él ilumina cómo la unión con Cristo puede cambiar la conversación teológica sobre temas espinosos como la depravación total y el misterio de Dios. Billings también ofrece una crítica y una alternativa al paradigma ampliamente aceptado del ministerio encarnacional y explora un enfoque centrado en el evangelio de la justicia social. En todo momento, ofrece una exploración única y viva de lo que es tan sorprendente acerca de estar unido al Cristo vivo. - Editor.
563 _aRústico
650 7 _aCristología
_9239
650 7 _aIglesias protestantes
_9395
_xTeología
942 _cBK
945 _aJTF-925
999 _c66194
_d66194